|
|
|
|
| LEADER |
01167nam a2200301 a 4500 |
| 001 |
5854 |
| 003 |
BD-DhAAL |
| 005 |
20150206104613.0 |
| 008 |
130819s1985 caua b 000 0 eng d |
| 010 |
|
|
|a 85062142
|
| 020 |
|
|
|a 0803923104 (pbk.)
|
| 040 |
|
|
|a DLC
|c DLC
|d DLC
|d BD-DhAAL
|
| 050 |
0 |
0 |
|a QA279
|b .B73 1985
|
| 082 |
0 |
0 |
|a 519.5/352
|2 19
|
| 100 |
1 |
|
|a Bray, James H.
|9 2662
|
| 245 |
1 |
0 |
|a Multivariate analysis of variance /
|c James H. Bray, Scott E. Maxwell.
|
| 260 |
|
|
|a Beverly Hills :
|b Sage Publications,
|c c1985.
|
| 300 |
|
|
|a 80 p. :
|b ill. ;
|c 22 cm.
|
| 490 |
1 |
|
|a A Sage university paper. Quantitative applications in the social sciences ;
|v no. 07-054
|
| 504 |
|
|
|a Includes bibliography (p. 75-79).
|
| 541 |
|
|
|e 5854
|
| 650 |
|
0 |
|a Analysis of variance.
|9 2339
|
| 650 |
|
0 |
|a Multivariate analysis.
|9 2663
|
| 700 |
1 |
|
|a Maxwell, Scott E.
|9 2664
|
| 830 |
|
0 |
|a Sage university papers series.
|p Quantitative applications in the social sciences ;
|v no. 07-054.
|9 2448
|
| 942 |
|
|
|2 ddc
|c BK
|
| 999 |
|
|
|c 13850
|d 13850
|
| 952 |
|
|
|0 0
|1 0
|2 ddc
|4 0
|6 519_535200000000000_BRA
|7 0
|9 23176
|a BRACUL
|b BRACUL
|c GEN
|d 2013-08-19
|l 0
|o 519.5352 BRA
|p 3010005854
|r 2013-08-19
|t 1
|w 2013-08-19
|y BK
|